00495nam a2200169Ia 4500003000400000005001700004008004100021040001000062082001400072100002600086245005100112260001900163600001200182942001200194952010200206999001700308OSt20260518091504.0241002s9999 xx 000 0 und d cAACR2 a954.9 BUR aBurkie, Musarrat Mrs. 0aPakistan Storycedited by Mrs. Musarrat Burkie aKarachi:c1967 aHistory cUC2ddc 00102ddc4070aUITUbUITUd1994-01-01l0o954.9 BURpUC691r2024-10-02 09:31:27w2024-10-02yUC c19018d19018